[Event "Crema op 05th"]
[Site "Crema"]
[Date "2003.09.06"]
[Round "3"]
[White "Panizzi, Giuseppe"]
[Black "Castrogiovanni, Carlo"]
[Result "1/2-1/2"]
[WhiteElo "1844"]
[BlackElo "2068"]
[PlyCount "121"]
[EventDate "2003.09.05"]
[EventType "swiss"]
[EventRounds "6"]
[EventCountry "ITA"]
[SourceTitle "EXT 2007"]
[Source "ChessBase"]
[SourceDate "2006.11.23"]
[SourceVersion "1"]
[SourceVersionDate "2006.11.23"]
[SourceQuality "1"]

1. d4 Nf6 2. Nf3 c5 3. d5 g6 4. g3 d6 5. c4 b5 6. cxb5 a6 7. bxa6 Bxa6 8. Nc3 Nbd7 9. Bg2 Bg7 10. 0-0 0-0 11. Re1 Qb6 12. Qc2 Rfb8 13. e4 Ne8 14. Rb1 Nc7 15. Bf4 f6 16. h4 Ne5 17. Nxe5 fxe5 18. Bg5 Bf6 19. Be3 Nb5 20. Nxb5 Qxb5 21. b3 Qd3 22. Qxd3 Bxd3 23. Rbd1 Bc2 24. Ra1 Ra3 25. Rac1 Bd3 26. Rc3 Ba6 27. Bc1 Ra5 28. a4 Bc8 29. Bf1 Ra7 30. Bd2 Kg7 31. Bc4 h6 32. Rcc1 g5 33. hxg5 Bxg5 34. Bxg5 hxg5 35. Kg2 Bg4 36. Rc3 Rf8 37. f3 Bc8 38. g4 Bd7 39. Rh1 Be8 40. Rh3 Rf6 41. Rc1 Rh6 42. Rxh6 Kxh6 43. Rh1+ Kg7 44. Kf2 Ra8 45. Ke3 Ra7 46. Kd2 Ra8 47. Kc3 Bd7 48. Be2 Be8 49. Ra1 Ra5 50. Bd1 Ra8 51. a5 Bb5 52. b4 cxb4+ 53. Kxb4 Rb8 54. Kc3 Ba6 55. Kd2 Kf6 56. Bc2 e6 57. dxe6 Kxe6 58. Rb1 Ra8 59. Bb3+ Ke7 60. Bd5 Ra7 61. Kc3 1/2-1/2

[Event "Crema op 05th"]
[Site "Crema"]
[Date "2003.09.05"]
[Round "1"]
[White "Panizzi, Giuseppe"]
[Black "Bocci, Alessandro"]
[Result "1-0"]
[WhiteElo "1844"]
[BlackElo "1630"]
[PlyCount "67"]
[EventDate "2003.09.05"]
[EventType "swiss"]
[EventRounds "6"]
[EventCountry "ITA"]
[SourceTitle "EXT 2007"]
[Source "ChessBase"]
[SourceDate "2006.11.23"]
[SourceVersion "1"]
[SourceVersionDate "2006.11.23"]
[SourceQuality "1"]

1. d4 d5 2. Nf3 Nf6 3. Bf4 c6 4. e3 Bf5 5. Be2 e6 6. 0-0 Bd6 7. Bxd6 Qxd6 8. c4 0-0 9. c5 Qc7 10. b4 Nbd7 11. Nbd2 e5 12. dxe5 Nxe5 13. Nd4 Bg4 14. h3 Bxe2 15. Qxe2 Rfe8 16. Rfc1 Ng6 17. N2f3 Ne4 18. b5 Ne5 19. Nxe5 Rxe5 20. bxc6 bxc6 21. Qa6 Rae8 22. Rab1 Qe7 23. Rc2 Nxc5 24. Qa5 Rxe3 25. Qxc5 Re1+ 26. Rxe1 Qxe1+ 27. Kh2 Qe5+ 28. g3 h5 29. Re2 Qb8 30. Nxc6 Qa8 31. Rxe8+ Qxe8 32. Qxd5 Qe2 33. Kg2 Qa6 34. Ne5 1-0

[Event "Crema op 04th"]
[Site "Crema"]
[Date "2002.09.07"]
[Round "4"]
[White "Panizzi, Giuseppe"]
[Black "Biava, Pierluigi"]
[Result "1/2-1/2"]
[WhiteElo "1859"]
[BlackElo "1546"]
[PlyCount "101"]
[EventDate "2002.09.06"]
[EventType "swiss"]
[EventRounds "6"]
[EventCountry "ITA"]
[SourceTitle "EXT 2007"]
[Source "ChessBase"]
[SourceDate "2006.11.23"]
[SourceVersion "1"]
[SourceVersionDate "2006.11.23"]
[SourceQuality "1"]

1. d4 Nf6 2. c4 e6 3. Nc3 Bb4 4. Qc2 c5 5. e3 cxd4 6. exd4 d5 7. Nf3 Nc6 8. cxd5 Nxd5 9. Bb5 Bd7 10. 0-0 Nce7 11. Bxd7+ Qxd7 12. Ne5 Qc7 13. Qa4+ Kf8 14. Nxd5 Nxd5 15. Qd1 f6 16. Nf3 Kf7 17. Bd2 Rac8 18. Bxb4 Nxb4 19. Qb3 Nd5 20. h3 g5 21. Rac1 Qb6 22. Qxb6 Nxb6 23. Nd2 Rxc1 24. Rxc1 Rc8 25. Rxc8 Nxc8 26. Kf1 Nd6 27. Ke2 b6 28. Kd3 Ke7 29. b3 h5 30. g4 h4 31. f3 Nb5 32. a4 Nc7 33. f4 Nd5 34. fxg5 fxg5 35. Nf3 Nf4+ 36. Kc4 Nxh3 37. Kb5 Nf2 38. Nh2 Ne4 39. Ka6 Nd2 40. Kxa7 Nxb3 41. Kxb6 Nxd4 42. a5 Kd7 43. a6 Nc6 44. Kc5 Kc7 45. Nf3 h3 46. Nh2 Nd8 47. a7 Kb7 48. Kd6 Kxa7 49. Ke5 Kb6 50. Kf6 Kc5 51. Kxg5 1/2-1/2